000 01892cam a22002054a 4500
005 20250605164126.0
008 250528s ||||||||||||||||||||||||d
035 _a18460
020 _a9602180544
040 _aGR-AtMCL
_bgre
_dGR-AtMCL
_eAACR2
245 1 _aΟικονομική του Δημόσιου Τομέα
260 _bΚριτική - Επιστημονική Βιβλιοθήκη,
_c1992
300 _a836
520 _aΠρόλογος, Εισαγωγή, Ο Δημόσιος Τομέας σε μια Μεικτή Οικονομία, Ο Δημόσιος Τομέας στιν Ηνωμένες Πολιτείες, Οι Οικονομικοί Λόγοι για την Παρέμβαση του Κράτους, Οικονομική της Ευημερίας: Αποτελεσματικότητα Έναντι Δικαιοσύνης, Θεωρία Δημόσιων Δαπανών, Δημόσια Επιλογή, Δημόσια Παραγωγή και Γραφειοκρατία, Εξωτερικές Οικονομίες, Προγράμματα Δαπανών, Υγειονομική Περίθαλψη, Άμυνα, Κοινωνική Πρόνοια, Εκπαίδευση, Φορολογία: Η Θεωρία, Άριστη Φορολογία, Η Φορολογία στις Ηνωμένες Πολιτείες, Ο Ατομικός Φόρος Εισοδήματος, Η Φορολογία του Κεφαλαίου, Φοιτητικός Οδηγός Φοροαποφυγής, Άλλα Ζητήματα, Δημοσιονομική Ομοσπονδιακή Δομή, Πολιτειακοί και Τοπικοί Φόροι και Δαπάνες, Ελλείματα και Οικονομική Σταθερότητα και Ανάπτυξη.
700 1 _aStiglitz Joseph
_93845
700 1 _aΜινόγλου Θέμις
_92951
942 _cBK
999 _c3821
_d3821